000 00757nam a2200181 a 4500
008 120416s1976 ||||||||||||||||| || u
050 _aHF 5657 Fre
100 _aFremgen, James M
245 1 0 _aAccounting for managerial analysis
250 _a3rd ed.
260 _aHomewood, [Ill.]
_bR. D. Irwin
_c1976
300 _axvii, 546p.
350 _a0.00
650 0 _aACCOUNTING--HANDBOOKS, MANUALS, ETC
650 0 _aMANAGERIAL ACCOUNTING
995 _aANNEX COLLECTION (Main Library)
_D0.00
_e702709
_FCBU-MAIN LIBRARY (Kitwe)
_H2
_I0.00
_jHF 5657 Fre
_M1
_UAVAILABLE
_y007016
_ZAnnex Low-Usage Collection
995 _aANNEX COLLECTION (Main Library)
_D0.00
_e729404
_FCBU-MAIN LIBRARY (Kitwe)
_H1
_I0.00
_jHF 5657 Fre
_M2
_UAVAILABLE
_y021392
_ZAnnex Low-Usage Collection
999 _c75601
_d75601